| 000 | 00614nam a2200253 a 4500 | ||
|---|---|---|---|
| 001 | nice12345678 | ||
| 003 | IN_TiNIC | ||
| 005 | 20260116012735.0 | ||
| 008 | 050524s1991 dela grp 000 0 eng | ||
| 020 |
_a0670262 _c125 |
||
| 082 | 0 | 0 |
_a291.422 _bKAK |
| 100 | _aKakar, Sudhir | ||
| 245 | _aAnalyst and the Mystic | ||
| 260 |
_aDelhi _bPenguin Books _c1991 |
||
| 300 | _a92p | ||
| 500 | _aincludes index and biblioraphy | ||
| 505 | 2 | _aindex | |
| 650 | _aMysticism-Psychoanalysis | ||
| 650 | _aSri Ramakrishna | ||
| 700 | 1 | _aKakar, Sudhir | |
| 902 | _bSRS | ||
| 942 | _cBK | ||
| 999 |
_c8182 _d8182 |
||